Statistiques concernant Villes de départ des jeux Pokémon

Cliquez ici pour prendre le quiz!

Statistiques générales

  • Ce quiz a été pris 36 fois
    (21 depuis la dernière actualisation)
  • Le résultat moyen est 5 sur 10

Statistiques - réponses

HintRéponse% Correct
KantoBourg Palette
100%
JohtoBourg Geon
73%
HoennBourg-en-Vol
53%
SinnohBonaugure
47%
KalosBourg Croquis
47%
UnysRenouet
47%
GalarPaddoxton
40%
UnysPavonnay
40%
PaldeaCuchalaga
33%
AlolaLili'i
27%

Distribution des résultats

Percentile par nombre de réponses

% des personnes avec chaque résultat

Votre développement - résultats

Vous n’avez pas pris ce quiz depuis la dernière actualisation